Territories of Australia Map Quiz - Statistics

General Stats
  • This quiz has been taken 159 times
  • The average score is 4 of 7
Answers on the Map
Answers color-coded by a green-red scale on the quiz's map according to % correct below.
 
Answer Stats
Territories % Correct
Christmas Island
92%
Australian Antarctic Territory
70%
Norfolk Island
70%
Cocos (Keeling) Islands
64%
Heard Island and McDonald Islands
40%
Coral Sea Islands
35%
Ashmore and Cartier Islands
34%
No matching quizzes found
Score Distribution
Percent of People with Each Score
Percentile by Number Answered
Your Score History
You have not taken this quiz